Detalles MARC
| 000 -LÍDER |
| Campo fijo de descripción fija |
02522aam a2200361 i 4500 |
| 001 - NÚMERO DE CONTROL |
| Campo de control |
768714001 |
| 003 - IDENTIFICADOR DEL NÚMERO DE CONTROL |
| Campo de control |
CO-MdFUSB |
| 005 - FECHA Y HORA DE LA ULTIMA TRANSACCIÓN |
| control field |
20231129170605.0 |
| 007 - CAMPO FIJO DE DESCRIPCIÓN FIJA--INFORMACIÓN GENERAL |
| Campo fijo de descripción fija |
ta |
| 008 - ELEMENTOS DE LONGITUD FIJA -- INFORMACIÓN GENERAL |
| Campo fijo de descripción fija -- Información general |
231003t20042006flu||||g |||| 00| 0 spa d |
| 020 ## - NÚMERO INTERNACIONAL NORMALIZADO PARA LIBROS |
| Número Internacional Normalizado del libro |
0789913461 |
| 040 ## - FUENTE DE CATALOGACIÓN |
| Agencia de catalogación original |
CO-MdFUSB |
| Idioma de catalogación |
spa |
| Agencia que realiza la transcripción |
CO-MdFUSB |
| Agencia que realiza la modificación |
CO-MdFUSBC |
| Convenciones de la descripción |
rda |
| 041 ## - CÓDIGO DE IDIOMA |
| Código de idioma para texto/pista de sonido o título separado |
spa |
| Código de idioma original |
eng |
| 082 ## - NÚMERO DE CLASIFICACIÓN DECIMAL DEWEY |
| Número de la edición del Dewey |
23 |
| Número de clasificación |
248.4 |
| Clave de autor-Numero de item |
ST787 |
| 100 ## - ASIENTO PRINCIPAL--NOMBRE PERSONAL |
| Nombre personal |
Stanley, Andy, |
| Término relacionador |
autor |
| 240 ## - TITULO UNIFORME |
| Título uniforme |
<a href="Best question ever, the">Best question ever, the</a> |
| 245 #3 - TÍTULO |
| Título del Material |
La mejor de las preguntas? |
| Parte restante del título - Subtitulo |
|
| Mención de responsabilidad, etc. |
/ Andy Stanley ; traducido por Dr. Andrés Carrodeguas |
| 250 ## - MENCIÓN DE EDICIÓN |
| Mención de edición |
primera edición |
| 264 #1 - PRODUCCIÓN, PUBLICACIÓN, DISTRIBUCIÓN, MANUFACTURA, Y COPYRIGHT |
| Lugar de producción, publicación, distribución, manufactura |
Miami, Florida : |
| Nombre del productor, publicador, distribuidor |
Unilit, |
| Fecha de producción, publicación, distribución, manufactura, o copyright |
[2004] |
| 264 #4 - PRODUCCIÓN, PUBLICACIÓN, DISTRIBUCIÓN, MANUFACTURA, Y COPYRIGHT |
| Fecha de producción, publicación, distribución, manufactura, o copyright |
©2006 |
| 300 ## - DESCRIPCIÓN FÍSICA |
| Extensión |
171 páginas |
| Dimensiones |
; 21 cm |
| 336 ## - TIPO DE CONTENIDO |
| Fuente |
rdacontent |
| Término de tipo de contenido |
texto |
| Código de tipo de contenido |
txt |
| 337 ## - TIPO DE MEDIO |
| Fuente |
rdamedia |
| Nombre del tipo de medio |
sin mediación |
| Código del tipo de medio |
n |
| 338 ## - TIPO DE SOPORTE |
| Fuente |
rdacarrier |
| Nombre del tipo de soporte |
volumen |
| Código Tipo de soporte |
nc |
| 505 ## - NOTA DE CONTENIDO |
| Nota de contenido con formato preestablecido |
Primera Parte La pregunta: Necio y más necio -- Una pregunta muy incómoda -- La pendiente resbalosa -- El control del clima -- Dominar la ola -- Sabiduría de temporada -- Mirar adelante -- Segunda Parte Una cuestión de tiempo: Los ladrones de tiempo -- Viva para aprender -- Tercera Parte Una cuestión de dinero: Sabiduría con el dinero -- Una sabiduría poco convencional -- Cuarta Parte Una cuestión de moral: Sexo para tontos -- En retrospectiva -- Reglas para la vida -- Medidas extremas -- ¡Huya! -- Quinta Parte Sabiduría para el que la pida: El juego del escondite -- Saber lo que usted no sabe -- Asunto de todos -- Escuchar y aprender -- Sexta Parte La mejor de las decisiones: Perfeccione su actuación futura -- El principio de la sabiduría. |
| 520 ## - NOTA DE RESUMEN, ETC. |
| Nota de sumario, etc. |
"la mejor de las preguntas presenta un principio imprescindible para todo aquel que quiera recibir lo mejor de cuanto Dios tiene para él. Hace años que escuché a Andy enseñar este material, y desde entonces me he estado haciendo esa misma pregunta". TODO FIELDS artista y compositor cristiano.<br/>"la mejor de las preguntas se ha convertido en un filtro permanente para todas mis decisiones". ANDY HARBOUR primer vicepresidente de Inversiones, Gerente Principal de Carteras de Smith Barney.<br/>"he podido ver como esta pregunta transforma por completo la forma en que tanto estudiantes como adultos toman sus decisiones. En realidad, se trata de la mejor de las preguntas". LANNY DONOHO. Presidente y fundador de Big Stuff Productions. |
| 563 ## - NOTA DE ENCUADERNACIÓN |
| Nota de encuadernación |
Rustico |
| 650 #0 - ASIENTO SECUNDARIO DE MATERIA - TERMINO TEMÁTICO |
| 9 (RLIN) |
19 |
| Término temático o nombre geográfico como elemento de entrada |
Vida cristiana |
| 653 ## - TÉRMINO DE INDIZACIÓN - NO CONTROLADO |
| Término no controlado |
Toma de decisiones |
| 700 ## - ASIENTO SECUNDARIO - NOMBRE PERSONAL |
| 9 (RLIN) |
5347 |
| Nombre personal |
Carrodeguas, Andrés, |
| Responsabilidad |
traductor |
| 942 ## - TIPO DE MATERIAL (KOHA) |
| Tipo de Item KOHA |
Libros General |
| 945 ## - INFORMACIÓN LOCAL DEL REGISTRO |
| Catalogador |
sor1564 |